000 01652nam a2200229Ia 4500
003 Ost
005 20260507075335.0
008 260507s9999||||xx |||||||||||||| ||und||
020 _a4435125977
040 _cfsecg
041 _aara
082 _a330
100 _aهاشم، اسماعيل محمد
_eمؤلف
245 0 _aالسياسات النقدية للمتغيرات الاقتصادية في النظم المصرفية /
_c اسماعيل محمد هاشم
260 _aالاسكندرية:
_bالمكتب العربي الحديث,
_c2011
300 _a276 صفحة؛
_c25 سم
520 _aماهية النقود ووظائفها و أنواعها و النظم النقدية ، نشأة البنوك و تطور الفن المصرفي و خلق النقود و الودائع و ميزانية البنوك التجارية ، الاربحية و السسيولة و البنوك المركزية ، تطور النظام المصرفي المصرفي ، النظرية النقدية التقليدية و التحليل النقدي الحديث(النقود في الفكر الكينزي ) و المعاصر ( النظرية الحديثة لكمية النقود ) ، الآثار الاقتصادية للتغيرات في قيمة النقود ، السياسة النقدية و أثر تغيير قيمة النقود على الدخل القومي ، النقود و الدورة التجارية و أخيرا المؤسسات النقدية بعد الحرب العالمية الثانية
653 _aالبنوك
653 _aالسياسة النقدية
653 _aالنقود
942 _cكتاب
999 _c44036
_d44036